| 000 | 00638cab a2200205 4500 | ||
|---|---|---|---|
| 001 | WB3138-67 | ||
| 008 | 090401t1995 xxu||||| |||| 00| 0 eng d | ||
| 035 | _a(Sirsi) u69590 | ||
| 041 | _aeng | ||
| 245 | _aRevaluation of property bands urged | ||
| 260 | _c1995 | ||
| 350 | _a0 | ||
| 490 |
_aFinancial Times _v9 October 1995, 6(1) |
||
| 520 | _aA report from the IRRV suggests a third of homes in England and Wales have fallen so much in value as to be in a different council tax band. | ||
| 650 | _aCOUNCIL TAX | ||
| 650 | _aRESIDENTIAL PROPERTY BANDING | ||
| 690 | _aRATING AND VALUATION | ||
| 942 | _n0 | ||
| 948 | _c04/03/1997 | ||
| 999 |
_c43714 _d43714 |
||